LEADER 00992nam0-22002891i-450- 001 990003639130403321 005 20110216184833.0 035 $a000363913 035 $aFED01000363913 035 $a(Aleph)000363913FED01 035 $a000363913 100 $a20030910d1839----km-y0itay50------ba 101 0 $aita 102 $aIT 105 $ay-------001yy 200 1 $aConsiderazioni sulle pubbliche opere della Sicilia di qua dal faro$edai normanni sino ai nostri tempi$fdi Giuseppe Ceva Grimaldi 210 $aNapoli$cTipografia Flautina$d1839 215 $a247, CXXXIII p., [11] c. di tav. ripieg.$ctab.$d24 cm 700 1$aCeva Grimaldi,$bGiuseppe$c$036256 801 0$aIT$bUNINA$gRICA$2UNIMARC 901 $aBK 912 $a990003639130403321 952 $aSE 049.02.030-$b033431$fDECSE 952 $aSE 023.07.017-$b07254$fDECSE 959 $aDECSE 996 $aConsiderazioni sulle pubbliche opere della Sicilia di qua dal faro$9504425 997 $aUNINA LEADER 00828nam0-2200241 --450 001 9910595886503321 005 20221021173909.0 100 $a20221021d1924----kmuy0itay5050 ba 101 0 $afre 102 $aFR 105 $a 001yy 200 1 $a<>Révolution et la libre-pensée$ela socialisation de la pensée (1750-1789)$ela socialisation de la personne (1789-1792)$ela socialisation des biens (1793-1794)$fAugustin Cochin 210 $aParis$cPlon-Nourrit et C.ie$d1924 215 $aL, 292 p.$d20 cm 610 0 $aRivoluzione francese$aPrincipi filosofici 700 1$aCochin,$bAugustin$0180851 801 0$aIT$bUNINA$gREICAT$2UNIMARC 901 $aBK 912 $a9910595886503321 952 $a5/X B 11$bbibl.11669$fFLFBC 959 $aFLFBC 996 $aRevolution et la libre-pensèe$9630782 997 $aUNINA